| 000 | 01110cam a22002771i 4500 | ||
|---|---|---|---|
| 003 | SA-RiAUC | ||
| 005 | 20241106140812.0 | ||
| 008 | 241103s2012 le g 000 0 ara c | ||
| 020 | _a2745175467 | ||
| 040 |
_aSA-JeALM _bara _cSA-RiAUC _erda |
||
| 082 | 0 | 4 |
_a252.2 _qSA-RiAUC |
| 090 |
_a252.2 _bن و و |
||
| 100 | 1 |
_aنووي الجاوي، محمد بن عمر بن عربي، _d1230-1316 هجري _eمؤلف. |
|
| 245 | 1 | 0 |
_aسلم المناجاة على سفينة الصلاة للحضرمي / _cمحمد بن عمر نووي الجاوي. |
| 264 | 1 |
_aبيروت : _bدار ابن حزم، _c2005 |
|
| 300 |
_a64 صفحة ؛ _c24 × 17 سم |
||
| 336 |
_aنص _btxt _2rdacontent _3كتاب |
||
| 337 |
_aبدون وسيط _bn _2rdamedia |
||
| 338 |
_aمجلد _bnc _2rdacarrier |
||
| 500 | _aأصفر. | ||
| 650 | 7 |
_aالصلاة (فقه إسلامي) _2aucsh |
|
| 700 | 1 | 2 |
_aالحضرمي، عبد الله بن عمر بن أبي بكر، _d1209-1265 هجري _tسفينة الصلاة. |
| 740 | 0 | 2 | _aسفينة الصلاة. |
| 942 |
_2ddc _cBOOK _n0 |
||
| 949 |
_aSA-JeALM _d241103 _umohamedma123 _n1 |
||
| 999 |
_c2115 _d2115 |
||